Statistics for Names in Songs

Click here to take the quiz!

General Stats

  • This quiz has been taken 25 times
  • The average score is 7 of 32

Answer Stats

Answer% Correct
Monica
71%
Jessica
57%
Erica
52%
Rita
52%
Tina
48%
Mary
43%
Sandra
43%
Jane
38%
Sue
29%
Alison
24%
Britt
19%
Jennifer
19%
Joe
19%
Phillipa
19%
Willi
19%
Adolf
14%
Annabel
14%
Cathy
14%
Sacha
14%
Angela
10%
Chiang Ching
10%
Deborah
10%
Jill
10%
Lin Tai Yu
10%
Suki
10%
Enrico
5%
Julie
5%
Leo
5%
Lotte
5%
Shirley
5%
Andre
0%
Pamela
0%

Score Distribution

Percentile by Number Answered

Percent of People with Each Score

Your Score History

You have not taken this quiz